000 00304nam a22001337a 4500
008 180118b xxu||||| |||| 00| 0 eng d
020 _a2901599411506
041 _aeng
080 _29 ED
_a34
100 _a14
101 _aJUR
245 _aCONTRAST CASES AND COMENT
_cJOHN.P.D
942 _2udc
_cBK
999 _c40487
_d40487